O Rouxinol / (Record no. 391)
[ view plain ]
| 000 -LÍDER | |
|---|---|
| campo de controle de tamanho fixo | 01116nam a2200253 4500 |
| 001 - NÚMERO DE CONTROLE | |
| campo de controle | 391 |
| 003 - IDENTIFICADOR DO NÚMERO DE CONTROLE | |
| campo de controle | OSt |
| 005 - DATA E HORÁRIO DA ÚLTIMA TRANSAÇÃO | |
| campo de controle | 20250408160745.0 |
| 008 - CAMPO DE DADOS FIXOS--INFORMAÇÃO GERAL | |
| campo de controle de tamanho fixo | 250408b |||||||b |||| 00| 1 eng d |
| 040 ## - FONTE DA CATALOGAÇÃO | |
| Idioma da catalogação | por |
| 041 ## - CÓDIGO DE IDIOMA | |
| Código do idioma do original e/ou traduções intermediárias do texto | por |
| 082 ## - CDD - CLASSIFICAÇÃO DECIMAL DE DEWEY | |
| Número de Classificação | I 028.5 |
| Número do exemplar | R871 |
| 245 ## - TÍTULO | |
| Título | O Rouxinol / |
| Indicação de responsabilidade, etc. | Ilustrações de Psonha |
| 260 ## - PUBLICAÇÃO, DISTRIBUIÇÃO, ETC. | |
| Local de publicação, distribuição, etc. | Belo Horizonte |
| Nome do editor, distribuidor, etc. | Educacional |
| Data da publicação, distribuição, etc. | 1998 |
| 300 ## - DESCRIÇÃO FÍSICA | |
| Extensão | 23 p. |
| Outros detalhes físicos | il. |
| 520 ## - NOTA DE RESUMO, ETC. | |
| Resumo, etc. | O conto fala sobre um rouxinol de canto maravilhoso que vivia livre em uma floresta na China. Um dia, o imperador ouviu falar da beleza de seu canto e mandou buscá-lo para cantar em seu palácio. Porém, o rouxinol foi preso em uma gaiola e, triste, parou de cantar. Percebendo a tristeza do pássaro, o imperador decidiu libertá-lo. Livre novamente, o rouxinol voltou a cantar alegremente, tornando-se amigo do imperador e trazendo alegria ao palácio com sua canção.<br/><br/> |
| 650 #0 - ASSUNTO--TERMO TÓPICO | |
| Cabeçalho tópico ou nome geográfico | Literatura Brasileira |
| 9 (RLIN) | 205 |
| 650 #0 - ASSUNTO--TERMO TÓPICO | |
| Cabeçalho tópico ou nome geográfico | Infantil |
| 9 (RLIN) | 535 |
| 650 #0 - ASSUNTO--TERMO TÓPICO | |
| Cabeçalho tópico ou nome geográfico | Respeito aos animais |
| 9 (RLIN) | 820 |
| 650 #0 - ASSUNTO--TERMO TÓPICO | |
| Cabeçalho tópico ou nome geográfico | Rouxinol |
| 9 (RLIN) | 821 |
| 655 #0 - TERMO DE ÍNDICE--GÊNERO E FORMA | |
| Gênero/forma/ou termo foco | Livro Infantil |
| 700 1# - ENTRADA ADICIONADA - NOME PESSOAL | |
| Nome pessoal | Psonha, |
| Datas associadas ao nome | 1980- |
| Função do autor por extenso | ILUSTRADOR |
| 9 (RLIN) | 823 |
| 942 ## - ELEMENTOS DE ENTRADA ADICIONADOS (KOHA) | |
| Fonte de classificação ou esquema de arquivamento | Classificação decimal de Dewey |
| Ocultar no OPAC | Não |
| Tipo de material Koha | Livros |
| Situação do descarte | Situação das perdas | Fonte de classificação ou esquema de arquivamento | Status danificado | Não pode ser emprestado | Coleção | Biblioteca de origem | Biblioteca atual | Localização na estante | Data de aquisição | Fonte de aquisição | Total de empréstimos | Número de chamada completo | Código de barras | Data de último acesso | Número do exemplar | Data do preço efetivo | Tipo de material Koha |
|---|---|---|---|---|---|---|---|---|---|---|---|---|---|---|---|---|---|
| Classificação decimal de Dewey | Livros Infantis | Biblioteca Professor Eduardo Afonso de Castro | Biblioteca Professor Eduardo Afonso de Castro | Infantil | 08.04.2025 | doação | I 028.5 / R871 | 2025-17327 | 08.04.2025 | Ex. 01 | 08.04.2025 | Livros | |||||
| Classificação decimal de Dewey | Livros Infantis | Biblioteca Professor Eduardo Afonso de Castro | Biblioteca Professor Eduardo Afonso de Castro | Infantil | 08.04.2025 | doação | I 028.5 / R871 | 2025-17328 | 08.04.2025 | Ex. 02 | 08.04.2025 | Livros |